Normal view
MARC view
- ALI,USMAN,ZULQARNAIN,DR SHAHZAD AMIN,KAMRAN AZIZ
Entry Personal Name
001 - CONTROL NUMBER
- control field: 71761
003 - CONTROL NUMBER IDENTIFIER
- control field: NUST
005 - DATE AND TIME OF LATEST TRANSACTION
- control field: 20210628204658.0
008 - FIXED-LENGTH DATA ELEMENTS
- fixed length control field: 210628|| aca||aabn | a|a d
040 ## - CATALOGING SOURCE
- Original cataloging agency: NUST
- Transcribing agency: NUST
100 ## - HEADING--PERSONAL NAME
- Personal name: ALI,USMAN,ZULQARNAIN,DR SHAHZAD AMIN,KAMRAN AZIZ
670 ## - SOURCE DATA FOUND
- Source citation: Work cat.: (NUST): ALI,USMAN,ZULQARNAIN,DR SHAHZAD AMIN,KAMRAN AZIZ, PR-SOF-1203-BALL TRACKER AND POST-IMPACT PATH PREDICTOR, 2012
